Europe Geography Quiz #5 - Statistics

General Stats
  • This quiz has been taken 61,432 times
  • The average score is 14 of 20
Answer Stats
Question Answer % Correct
What body of water separates Britain from France? English Channel
89%
What is the capital of the Czech Republic? Prague
88%
What region is composed of Sweden, Norway, and Denmark? Scandinavia
88%
What is the easternmost national capital in Europe? Moscow
87%
Which two seas does Germany border? North Sea
86%
What city's Sagrada Familia church has been under construction since 1882? Barcelona
83%
Which two seas does Germany border? Baltic Sea
80%
What forest in Germany is known for ham, chocolate cake, and cuckoo clocks? The {Black} Forest
78%
What city is connected via bridge to Malmö, Sweden? Copenhagen
72%
What is the biggest city in Europe that starts with the letter F? Frankfurt
69%
What island is due south of Corsica? Sardinia
67%
What is the name of the ethnic group that encompasses Russians, Poles, and Serbs, among others? Slavs
67%
What church in the Vatican is the largest in the world? St. Peter's Basilica
64%
What is the Italian name of the city of Turin? Torino
63%
What is the northernmost province of Finland, sometimes said to be the home of Santa Claus? Lapland
60%
What language of Spain and France is not closely related to any other known language? Basque
55%
What city does a Brummie hail from? Birmingham
55%
What city on the France/Germany border is home to the EU Parliament? Strasbourg
54%
What is the longest river within France? Loire
37%
What is the heaviest land animal native to the Europe continent? European bison (wisent)
25%
No matching quizzes found
Score Distribution
Percent of People with Each Score
Percentile by Number Answered
Your Score History
You have not taken this quiz